| 000 | 00520nam a2200193 a 4500 | ||
|---|---|---|---|
| 005 | 20140310183437.0 | ||
| 008 | 080205s19uu xx 00 eng d | ||
| 020 | _a97801324542615 | ||
| 050 |
_aHF 5718 _b.K92 2008 |
||
| 100 | _aKrizan, A.C. | ||
| 245 |
_aBusiness communication / _cA.C. Krizan. |
||
| 250 | _a7th ed. | ||
| 260 |
_aAustralia : _bSouth-Western, _c2008. |
||
| 300 |
_a650 p. : _bill. col. ; _c28 cm. |
||
| 521 | _aEDU | ||
| 650 | _aBusiness communication. | ||
| 942 |
_cBK _2lcc _kFOR |
||
| 999 |
_c22973 _d22973 |
||